What Time Zone is Each State In? - Statistics

General Stats
  • This quiz has been taken 46 times
  • The average score is 39 of 50
Answer Stats
Question Answer % Correct
Hawaii Hawaii-Aleutian Standard Time
100%
Oregon Pacific Standard Time
90%
Georgia Eastern Standard Time
86%
Florida Eastern Standard Time
86%
South Carolina Eastern Standard Time
86%
North Carolina Eastern Standard Time
86%
Virginia Eastern Standard Time
86%
West Virginia Eastern Standard Time
86%
Delaware Eastern Standard Time
86%
New Jersey Eastern Standard Time
86%
New York Eastern Standard Time
86%
New Hampshire Eastern Standard Time
86%
Maine Eastern Standard Time
86%
California Pacific Standard Time
86%
Washington Pacific Standard Time
86%
Alaska Alaska Standard Time
81%
Kansas Central Standard Time
81%
Iowa Central Standard Time
81%
Indiana Eastern Standard Time
81%
Maryland Eastern Standard Time
81%
Pennsylvania Eastern Standard Time
81%
Vermont Eastern Standard Time
81%
Rhode Island Eastern Standard Time
81%
Connecticut Eastern Standard Time
81%
Massachusetts Eastern Standard Time
81%
Texas Central Standard Time
76%
Oklahoma Central Standard Time
76%
Missouri Central Standard Time
76%
Louisiana Central Standard Time
76%
Michigan Eastern Standard Time
76%
Utah Mountain Standard Time
76%
New Mexico Mountain Standard Time
76%
Montana Mountain Standard Time
76%
Nebraska Central Standard Time
71%
South Dakota Central Standard Time
71%
North Dakota Central Standard Time
71%
Minnesota Central Standard Time
71%
Arkansas Central Standard Time
71%
Mississippi Central Standard Time
71%
Illinois Central Standard Time
71%
Wisconsin Central Standard Time
71%
Ohio Eastern Standard Time
71%
Arizona Mountain Standard Time
71%
Colorado Mountain Standard Time
71%
Alabama Central Standard Time
67%
Kentucky Eastern Standard Time
67%
Wyoming Mountain Standard Time
67%
Nevada Pacific Standard Time
62%
Tennessee Central Standard Time
52%
Idaho Mountain Standard Time
48%
No matching quizzes found
Score Distribution
Percent of People with Each Score
Percentile by Number Answered
Your Score History
You have not taken this quiz